Drei Lichtewerdener Urkunden aus dem XIII
| Titel: | Drei Lichtewerdener Urkunden aus dem XIII : und XIV. Jahrhundert |
|---|---|
| Verfasser: | |
| In: |
Zeitschrift für Geschichte und Kulturgeschichte Schlesiens, Band 18 (1924), Seite 74-76 alle Artikel anzeigen |
| Veröffentlicht: | 1924/25 [1925] |
| Format: | Aufsatz |
| Sprache: | Deutsch |
X
alg: 39183307 001A $01999:11-11-16 001B $01999:12-03-21 $t19:05:39.000 001C $06050:19-11-16 $t09:20:27.000 001D $01999:11-11-16 001U $0utf8 001X $00 002@ $0Aox 003@ $0391833073 007A $0391833073 $aHEB 007T $0Herda04855 010@ $ager 011@ $a1924 $b1925 $n1924/25 [1925] 021A $aDrei Lichtewerdener Urkunden aus dem XIII $dund XIV. Jahrhundert 028A $aLatzke $dWalther 031A $d18 $h74-76 $j1924 037A $aBetr. Lokation und Gerichtswesen 039B $aIn $8--Abvc--. Zeitschrift für Geschichte und Kulturgeschichte Schlesiens. - Opava : Zemský Archiv, 1918-2006 $x192400000180000926 $9047981504 045F $a900.943710902 $eDDC23BSB 045F/01 $a900 045F/03 $f0902 045F/03 $g4371 045F/03 $g4385 045T $a9,10 lok: 39183307 78 exp: 39183307 78 1 #EPN 201B/01 $026-11-17 $t00:52:14.000 201U/01 $0utf8 203@/01 $0787928267 208@/01 $a11-11-16 $be 209A/01 $a/ $f000 $x00 220C/01 $aTitelaufnehmer: cs 244Z/01 $2Trx $#Silesia $#Śląsk $#Sliezsko $#Slezsko $8--Trx--Schlesien $x01 $9391173987 244Z/01 $#Tschechien $#Tschechische Republik $#Tschechische Republik $#Tschechenland $#Tschechei Tschechien $#Česká Republika $#Czech Republic $#ČR $74303381-7 $8--Tg1--Tschechien $x02 $9086659812 244Z/01 $2Trx $#Böhmen $#Bohemia $#Czechy $8--Trx--Čechy $x03 $9391188941 244Z/01 $2Trx $#Lichtewerden Freudenthal $#Lichtvard Bruntál;Světlá $8--Trx--Světlá Hora$gBruntál $x04 $9391227408 244Z/01 $aGeschichte 1267-1368 $x05 244Z/01 $2Trx $#ürikud keskaeg $#viduramžių dokumentai $#Documents Middle Ages $#oklevelek középkor $#dokumenty średniowieczne $#dokumenty stredoveké $#listiny středověké $8--Trx--Urkunden$gMittelalter $x06 $9391371266 244Z/01 $2Trx $#linnade asutamine $#miestų kūrimas $#founding of cities $#városalapítások $#lokacje miast i wsi $#vznik miest $#zakládání měst $#Lokationen $#zakładanie miejscowości $8--Trx--Stadtgründungen $x07 $9391373021 244Z/01 $2Trx $#kohtu olemus $#teismai $#Courts legal $#bíróság $#sądownictwo $#súdnictvo $#soudnictví $#Gerichte $#sądy $#súdy $#soudy $8--Trx--Gerichtswesen $x08 $9391363298 244Z/01 $2Trx $8--Trx--Zeitschriftenaufsatz $x09 $9391384341 245Z/01 $a13.03 $x01 245Z/01 $a03.02 $x02 247C/01 $82080>Marburg/Lahn, Herder-Institut, Forschungsbibliothek, Bibliographieportal $9336309341
| LEADER | 00000caa a22000002c 4500 | ||
|---|---|---|---|
| 001 | 391833073 | ||
| 003 | DE-603 | ||
| 005 | 20210312190539.0 | ||
| 007 | tu | ||
| 008 | 161111s19241925xx |||| | u00||u|ger c | ||
| 035 | |a (DE-599)HEB391833073 | ||
| 040 | |a DE-603 |b ger |c DE-603 |d DE-603 | ||
| 041 | |a ger | ||
| 082 | 0 | 4 | |8 1\u |a 900.943710902 |q DE-101 |2 23/BSB |
| 084 | |a 9,10 |2 ssgn | ||
| 085 | |8 1\u |b 900 | ||
| 085 | |8 1\u |z 1 |s 0902 | ||
| 085 | |8 1\u |z 2 |s 4371 | ||
| 085 | |8 1\u |z 2 |s 4385 | ||
| 100 | 1 | |a Latzke, Walther | |
| 245 | 0 | 0 | |a Drei Lichtewerdener Urkunden aus dem XIII |b und XIV. Jahrhundert |
| 264 | 0 | |c 1924/25 [1925] | |
| 500 | |a Betr. Lokation und Gerichtswesen | ||
| 773 | 0 | 8 | |i In |t Zeitschrift für Geschichte und Kulturgeschichte Schlesiens |d Opava : Zemský Archiv, 1918-2006 |g Band 18 (1924), Seite 74-76 |w (DE-603)047981504 |w (DE-600)716156-6 |
| 924 | 0 | |9 2080 |a (DE-603)787928267 |b DE-2080 |c HES |d d |g / | |


